Negotiating a labor contract : A management handbook

Sparad:
Bibliografiska uppgifter
Huvudupphovsman: Loughran, Charles S.
Materialtyp: Bok
Språk:Undetermined
Publicerad: Washington, D.C. The Bureau of National Affairs, Inc 1984
Ämnen:
Taggar: Lägg till en tagg
Inga taggar, Lägg till första taggen!
Thư viện lưu trữ: Trung tâm Học liệu Trường Đại học Cần Thơ
LEADER 00582nam a2200193Ia 4500
001 CTU_69133
008 210402s9999 xx 000 0 und d
082 |a 658.3154 
082 |b L887 
100 |a Loughran, Charles S. 
245 0 |a Negotiating a labor contract : 
245 2 |b A management handbook 
245 0 |c Charles S. Loughran 
260 |a Washington, D.C. 
260 |b The Bureau of National Affairs, Inc 
260 |c 1984 
650 |a Collective bargaining,Collective labor agreements 
904 |i TUYEN 
980 |a Trung tâm Học liệu Trường Đại học Cần Thơ